Law, the state and the international community, v2- extracts illustrating the growth of theories & principles of jurisprudence, government and the law of nations (Record no. 203776)

MARC details
000 -LEADER
fixed length control field 00485nam a2200145Ia 4500
008 - FIXED-LENGTH DATA ELEMENTS--GENERAL INFORMATION
fixed length control field 230917s9999||||xx |||||||||||||| ||und||
040 ## - CATALOGING SOURCE
-- 78501
Original cataloging agency VIVEKANANDA LIBRARY
041 ## - Language
-- English
082 ## - DDC NUMBER
Classification number 340 S84L
100 ## - MAIN ENTRY--PERSONAL NAME
Personal name Scott, James Brown
245 #0 - TITLE STATEMENT
Title Law, the state and the international community, v2- extracts illustrating the growth of theories & principles of jurisprudence, government and the law of nations
260 ## - PUBLICATION, DISTRIBUTION, ETC. (IMPRINT)
Place of publication, distribution, etc Westport
Name of publisher, distributor, etc Green Wood
Date of publication, distribution, etc 1970
300 ## - PHYSICAL DESCRIPTION
Pages 401 p.
942 ## - ADDED ENTRY ELEMENTS (KOHA)
Koha item type Books
Holdings
Withdrawn status Lost status Damaged status Not for loan Location (home branch) Sublocation or collection (holding branch) Date acquired Koha issues (times borrowed) Koha full call number Accession No. Koha date last seen Koha item type
        VIVEKANANDA LIBRARY VIVEKANANDA LIBRARY 05/03/2003   340 S84L 64014 17/09/2023 Books
© Designed and Maintained by Vivekananda Library, MDU Rohtak